Gujarat - State Quiz - Statistics

General Stats
  • This quiz has been taken 112 times
  • The average score is 16 of 24
Answer Stats
Hint Answer % Correct
Official language Gujarati
95%
Largest city Ahmedabad
94%
Current Prime Minister of India Narendra Modi
88%
Bordering country Pakistan
88%
Capital Gandhinagar
83%
India's richest person Mukesh Ambani
83%
Bordering sea {Arabian} Sea
80%
What was the first name of India's "Father of Nation"? {Mohandas} Gandhi
80%
Region and salty clay desert in the northwest Rann of {Kutch}
80%
For what edible substance was a march was organised by him? Salt
72%
State animal Asiatic lion
69%
What is a nickname for a Gujarati person? Gujju
67%
World's largest statue Statue of {Unity}
67%
Cooperative brand mainly selling dairy products, the country's largest brand of milk products Amul
63%
What group of people migrated to Gujarat from Iran after the 7th century? Parsis
63%
Largest rivers of the state Narmada
60%
Major Hindu deity who is believed to have ruled over the state in antiquity Krishna
59%
Major port of the state for much of its history Surat
59%
The first completely vegetarian outlets of two multinational pizza chains were opened in Gujarat. Name either. Domino's | Pizza Hut
58%
Famous food item prepared by steaming chickpeas and rice, often yellow Dhokla
50%
Saputara is home to the state's only _______ {Hill} station
49%
Tapi
47%
Founder of India's largest conglomerate Jamsetji Tata
43%
Gujarat is home to two major Indus Valley civilisation cities. Name either. Dholavira | Lothal
34%
No matching quizzes found
Score Distribution
Percent of People with Each Score
Percentile by Number Answered
Your Score History
You have not taken this quiz